[Event "4.Nord-West-Cup"]
[Site "?"]
[Date "2002.??.??"]
[Round "4"]
[White "Toth, Hans-Juergen"]
[Black "Roehl, Manfred"]
[Result "1-0"]
[WhiteElo "1427"]
[BlackElo "1688"]
[PlyCount "78"]

1. d4 d5 2. c4 e6 3. Nc3 Be7 4. Nf3 Nf6 5. e3 O-O 6. Bd3 dxc4 7. Bxc4 Nbd7 8.
O-O b6 9. Qc2 Bb7 10. Be2 Rc8 11. Nb5 a6 12. Na7 Ra8 13. Nc6 Bxc6 14. Qxc6 Ra7
15. Bd2 Nb8 16. Qc2 c5 17. Rac1 Rc7 18. Rfd1 Qd5 19. b3 Rfc8 20. Qb1 Qb7 21.
Bc3 Nbd7 22. Bd3 b5 23. Ba5 Nb6 24. dxc5 Rxc5 25. Rxc5 Rxc5 26. Bb4 Rc8 27.
Bxe7 Qxe7 28. Ng5 g6 29. Be2 Nfd5 30. Ne4 f5 31. Ng3 Nc3 32. Qb2 Nxd1 33. Bxd1
Qg7 34. Qb1 Qc3 35. Ne2 Qd2 36. Kf1 Nd5 37. Qa1 Nc3 38. Qc1 Qxc1 39. Nxc1 Nxd1
1-0

[Event "4.Nord-West-Cup"]
[Site "?"]
[Date "2002.??.??"]
[Round "4"]
[White "Zschischang, Gunnar"]
[Black "Fischbach, Harald"]
[Result "0-1"]
[WhiteElo "2208"]
[BlackElo "2199"]
[PlyCount "72"]

1. Nc3 c5 2. Nf3 Nf6 3. d4 cxd4 4. Nxd4 a6 5. e4 d6 6. Be3 e5 7. Nb3 Be7 8. f3
Be6 9. Nd5 Nxd5 10. exd5 Bf5 11. Bd3 Bxd3 12. Qxd3 O-O 13. c4 Nd7 14. O-O Rc8
15. Nd2 Bg5 16. Rac1 f5 17. b4 Bxe3+ 18. Qxe3 Qb6 19. Kf2 Qxb4 20. Rb1 Qa5 21.
Rxb7 f4 22. Qe2 Nc5 23. Rbb1 Qxa2 24. Rfc1 Rb8 25. Ne4 Nd3+ 26. Kf1 Nxc1 27.
Rxc1 Rb2 28. Qd1 Rfb8 29. c5 Rb1 30. Nd2 Rxc1 31. Qxc1 Qxd5 32. c6 Rc8 33. c7
Qc5 34. Qxc5 dxc5 35. Nc4 Rxc7 36. Nxe5 c4 0-1

[Event "4.Nord-West-Cup"]
[Site "?"]
[Date "2002.??.??"]
[Round "4"]
[White "Lammers, Markus"]
[Black "You, Long"]
[Result "0-1"]
[WhiteElo "2063"]
[BlackElo "2207"]
[PlyCount "72"]

1. e4 c5 2. Nf3 d6 3. c3 Nf6 4. Be2 g6 5. O-O Bg7 6. Re1 O-O 7. Bf1 e5 8. d4
Qe7 9. Bg5 h6 10. Bxf6 Qxf6 11. dxc5 dxc5 12. Nbd2 Nc6 13. Qc2 Be6 14. Nc4 g5
15. Ne3 Rad8 16. Rad1 g4 17. Nd2 h5 18. Ndc4 Bh6 19. Nd5 Qg6 20. Nxe5 Qg5 21.
Nxc6 bxc6 22. Nc7 Bxa2 23. Qa4 Qe5 24. Na6 Be6 25. Qxc6 Bd2 26. Re2 Bf4 27.
Rxd8 Bxh2+ 28. Kh1 Rxd8 29. g3 Bxg3 30. fxg3 Qxg3 31. Qxc5 Rd1 32. Rf2 Qh4+ 33.
Kg1 g3 34. Re2 Rxf1+ 35. Kxf1 Qh1+ 36. Qg1 Bh3+ 0-1

[Event "4.Nord-West-Cup"]
[Site "?"]
[Date "2002.??.??"]
[Round "4"]
[White "Leiber, Bernhard"]
[Black "Wirz, James"]
[Result "0-1"]
[WhiteElo "2204"]
[BlackElo "1843"]
[PlyCount "72"]

1. e4 e6 2. d4 d5 3. Nc3 Nf6 4. Bg5 Bb4 5. e5 h6 6. Bd2 Bxc3 7. Bxc3 Ne4 8. Bb4
c5 9. dxc5 Nxf2 10. Kxf2 Qh4+ 11. g3 Qxb4 12. Nf3 Nc6 13. Kg2 Qxc5 14. Bd3 b6
15. a3 Bb7 16. Qd2 d4 17. Rhe1 Nxe5 18. Be4 Bxe4 19. Rxe4 Nxf3 20. Kxf3 Qf5+
21. Rf4 Qh5+ 22. Kg2 Qd5+ 23. Kg1 e5 24. Rg4 g6 25. Re1 O-O-O 26. c4 Qd6 27.
Rge4 Rhe8 28. Qxh6 f5 29. R4e2 e4 30. Rd2 Qf6 31. h4 e3 32. Rd3 Re4 33. Qh7 Rg4
34. Qxa7 Rxg3+ 35. Kf1 Qc6 36. Qa6+ Kb8 0-1

[Event "4.Nord-West-Cup"]
[Site "?"]
[Date "2002.??.??"]
[Round "4"]
[White "Koehne, Arno"]
[Black "Pernutz, Hans-Gerhard"]
[Result "1/2-1/2"]
[WhiteElo "2028"]
[BlackElo "2191"]
[PlyCount "48"]

1. d4 Nf6 2. c4 c5 3. Nf3 cxd4 4. Nxd4 e5 5. Nf3 e4 6. Nd4 d5 7. e3 Bb4+ 8. Bd2
Bxd2+ 9. Nxd2 O-O 10. cxd5 Qxd5 11. Qb3 Qg5 12. Qb5 Qg6 13. Qe5 Re8 14. Qg3 Bd7
15. Qxg6 hxg6 16. Bc4 Nc6 17. Nxc6 Bxc6 18. O-O Rad8 19. Nb3 Bd5 20. Rac1 Rc8
21. Bxd5 Nxd5 22. a3 f5 23. Rfd1 Rxc1 24. Rxc1 Kf7 1/2-1/2

[Event "4.Nord-West-Cup"]
[Site "?"]
[Date "2002.??.??"]
[Round "4"]
[White "Pel, Bonno"]
[Black "Boehme, Arne"]
[Result "1-0"]
[WhiteElo "2191"]
[BlackElo "1828"]
[PlyCount "53"]

1. Nc3 c6 2. e4 d5 3. Nf3 Bg4 4. h3 Bh5 5. g4 Bg6 6. exd5 cxd5 7. Bb5+ Nc6 8.
Ne5 Rc8 9. d4 e6 10. h4 f6 11. Nxg6 hxg6 12. Bd3 f5 13. Be3 Rxh4 14. Qf3 Rxg4
15. O-O-O Bb4 16. Ne2 Qa5 17. Kb1 Bd6 18. c3 b5 19. Rh8 Kf7 20. Qh3 b4 21. f3
bxc3 22. fxg4 Rb8 23. Bc1 Qa3 24. Nxc3 Qxc3 25. gxf5 Ba3 26. fxe6+ Ke7 27. Bg5+
1-0

[Event "4.Nord-West-Cup"]
[Site "?"]
[Date "2002.??.??"]
[Round "4"]
[White "Boer, Alef"]
[Black "Zotin, Vladimir"]
[Result "1-0"]
[WhiteElo "2190"]
[BlackElo "1797"]
[PlyCount "55"]

1. e4 g6 2. g3 Bg7 3. Bg2 c5 4. d3 Nc6 5. f4 e6 6. Nf3 Nge7 7. O-O d6 8. c3 b5
9. Be3 Qc7 10. e5 Nd5 11. exd6 Qxd6 12. Bf2 Bb7 13. Nbd2 Nf6 14. Nb3 Nd7 15.
Ng5 Nd8 16. Ne4 Bxe4 17. dxe4 Qxd1 18. Rfxd1 Rc8 19. e5 f6 20. exf6 Bxf6 21. a4
b4 22. cxb4 cxb4 23. Nd4 Nb6 24. Nb5 Rc2 25. a5 Nc4 26. Bxa7 Bxb2 27. Ra4 Ne3
28. Bxe3 1-0

[Event "4.Nord-West-Cup"]
[Site "?"]
[Date "2002.??.??"]
[Round "4"]
[White "Krause, Thomas"]
[Black "van Linde, Paul"]
[Result "1/2-1/2"]
[WhiteElo "2182"]
[BlackElo "2181"]
[PlyCount "92"]

1. Nf3 d5 2. c4 c6 3. b3 Nf6 4. Bb2 Bg4 5. e3 e6 6. h3 Bh5 7. Be2 Nbd7 8. O-O
Bd6 9. d4 O-O 10. Nbd2 Qe7 11. Ne5 Bxe2 12. Qxe2 Bb4 13. Nxd7 Qxd7 14. Nf3 Ne4
15. c5 Ba5 16. a4 f6 17. Bc1 Bc7 18. Nd2 Nxd2 19. Bxd2 e5 20. Bc3 e4 21. Qd2
Rae8 22. Ba5 Bb8 23. b4 f5 24. Qe2 f4 25. exf4 Rxf4 26. Ra3 Rf6 27. b5 Rg6 28.
Rb1 Qf5 29. Rbb3 Qf4 30. g3 Qf5 31. Kg2 Rh6 32. h4 Rf6 33. Bd2 Rf7 34. a5 Ref8
35. Be1 Qd7 36. bxc6 bxc6 37. a6 Qc8 38. Ra2 Rf3 39. Rab2 Rxb3 40. Rxb3 Bc7 41.
Rb7 Bb8 42. Qh5 Rf3 43. Bd2 Qf8 44. Be1 Qc8 45. Re7 Kf8 46. Rb7 Kg8 1/2-1/2

[Event "4.Nord-West-Cup"]
[Site "?"]
[Date "2002.??.??"]
[Round "4"]
[White "Wiertzema, Michael"]
[Black "Haase, Sven"]
[Result "1-0"]
[WhiteElo "2169"]
[BlackElo "1760"]
[PlyCount "53"]

1. Nf3 Nf6 2. g3 e6 3. Bg2 d5 4. d3 b6 5. Nbd2 Bb7 6. O-O g6 7. b3 Bg7 8. Bb2
O-O 9. c4 c5 10. Rc1 d4 11. b4 a5 12. bxc5 bxc5 13. Ba3 Qc8 14. Rb1 Ra7 15. Rb5
Nfd7 16. Nb3 Ba6 17. Rxc5 Nxc5 18. Bxc5 Rd7 19. Bxf8 Qxf8 20. Nxa5 Qa3 21. Qd2
Bh6 22. Qxh6 Qxa5 23. Ng5 f5 24. Nxe6 Kf7 25. Ng5+ Kf6 26. Nxh7+ Ke7 27. Qf8+
1-0

[Event "4.Nord-West-Cup"]
[Site "?"]
[Date "2002.??.??"]
[Round "4"]
[White "Brandes, Stephan"]
[Black "Muehlenhaus, Sven"]
[Result "0-1"]
[WhiteElo "2068"]
[BlackElo "2207"]
[PlyCount "86"]

1. c4 Nf6 2. Nc3 c5 3. e4 Nc6 4. d3 d6 5. h3 g6 6. f4 Bg7 7. Nf3 Nh5 8. g4 Ng3
9. Rg1 Nxf1 10. Kxf1 h5 11. f5 hxg4 12. hxg4 Nd4 13. Be3 Rh3 14. Bxd4 cxd4 15.
Nd5 e6 16. Nf4 Rh7 17. Qe2 Bd7 18. e5 exf5 19. e6 fxe6 20. Nxe6 Bxe6 21. Qxe6+
Kf8 22. gxf5 Qf6 23. Rxg6 Rh1+ 24. Ng1 Qxe6 25. fxe6 Be5 26. c5 Ke7 27. cxd6+
Kxd6 28. Re1 Rf8+ 29. Ke2 Re8 30. Nf3 Rxe1+ 31. Kxe1 Rxe6 32. Nxe5 Kxe5 33. Rg2
Kf4+ 34. Kd2 Kf3 35. Rh2 Rg6 36. Rh3+ Rg3 37. Rh7 Rg2+ 38. Kc1 Ke2 39. Rh3 Rf2
40. Kc2 b5 41. a3 a6 42. b4 Rg2 43. Kc1 Rg6 0-1

[Event "4.Nord-West-Cup"]
[Site "?"]
[Date "2002.??.??"]
[Round "4"]
[White "Heinemann, Ernst"]
[Black "Wichelmann, Martin"]
[Result "1-0"]
[WhiteElo "2217"]
[BlackElo "1975"]
[PlyCount "113"]

1. e4 c5 2. Nf3 Nc6 3. Bb5 g6 4. O-O Bg7 5. Re1 Nf6 6. c3 O-O 7. d4 cxd4 8.
cxd4 a6 9. Bxc6 dxc6 10. h3 b6 11. Nc3 Bb7 12. Bg5 c5 13. dxc5 bxc5 14. Qe2 Qc7
15. Qe3 Rfd8 16. Bf4 Qa5 17. Rac1 Rac8 18. Bh6 c4 19. Bxg7 Kxg7 20. Red1 Rxd1+
21. Rxd1 Rd8 22. Rxd8 Qxd8 23. Nd2 Qd3 24. Qxd3 cxd3 25. f3 Nh5 26. Na4 Nf4 27.
Nc5 Bc8 28. Kf2 Kf6 29. h4 Ke5 30. g3 Kd6 31. b4 Ne2 32. Nxd3 Nc3 33. a3 f6 34.
Nc4+ Kc6 35. Ke3 Kb5 36. Ncb2 a5 37. bxa5 Kxa5 38. Nc4+ Kb5 39. Ncb2 Be6 40.
a4+ Ka5 41. Nc5 Bf7 42. f4 Be8 43. e5 Kb6 44. Ne4 Nxe4 45. Kxe4 Kc5 46. exf6
exf6 47. Nd3+ Kc4 48. a5 Bc6+ 49. Ke3 Kb5 50. Kd4 Kxa5 51. Kc5 Be4 52. Nf2 Bc2
53. Ng4 g5 54. Nxf6 gxh4 55. gxh4 Bb1 56. Nd5 Bc2 57. Ne3 1-0

[Event "4.Nord-West-Cup"]
[Site "?"]
[Date "2002.??.??"]
[Round "4"]
[White "Roehl, Bernd"]
[Black "Dewenter, Ulf"]
[Result "0-1"]
[WhiteElo "1755"]
[BlackElo "2193"]
[PlyCount "56"]

1. d4 Nf6 2. c4 g6 3. Nc3 d5 4. Bf4 Bg7 5. e3 O-O 6. h3 c5 7. Nf3 cxd4 8. exd4
Nc6 9. Be2 dxc4 10. Bxc4 Bf5 11. Rc1 Rc8 12. Be2 Nd5 13. Be3 Nxe3 14. fxe3 Qa5
15. O-O Bh6 16. Kf2 Rfd8 17. Qb3 e5 18. d5 Nb4 19. g4 Nd3+ 20. Bxd3 Bxd3 21.
Rfe1 Bc4 22. Qc2 Bxd5 23. Nxe5 Bxa2 24. Nf3 Be6 25. Rcd1 Rxd1 26. Rxd1 Qb6 27.
Nd4 Re8 28. Nce2 Bxe3+ 0-1

[Event "4.Nord-West-Cup"]
[Site "?"]
[Date "2002.??.??"]
[Round "4"]
[White "Ostermeier, Ralf"]
[Black "Walter, Stefan"]
[Result "1-0"]
[WhiteElo "2131"]
[BlackElo "1943"]
[PlyCount "57"]

1. e4 e5 2. Nf3 Nc6 3. Bb5 a6 4. Ba4 Nf6 5. O-O Be7 6. Re1 b5 7. Bb3 O-O 8. c3
d6 9. h3 Na5 10. Bc2 c5 11. d4 Nd7 12. Nbd2 cxd4 13. cxd4 Nc6 14. d5 Nb4 15.
Bb1 a5 16. Nf1 Na6 17. Ng3 Ndc5 18. Be3 Bd7 19. Qd2 Rc8 20. Nf5 b4 21. g4 Re8
22. Kh2 a4 23. g5 Qa5 24. Rg1 Bf8 25. Nh6+ gxh6 26. gxh6+ Kh8 27. Bg5 Bg7 28.
hxg7+ Kg8 29. Bf6 1-0

[Event "4.Nord-West-Cup"]
[Site "?"]
[Date "2002.??.??"]
[Round "4"]
[White "Busch, Christian"]
[Black "Wichmann, Ralph"]
[Result "1-0"]
[WhiteElo "2112"]
[BlackElo "1914"]
[PlyCount "99"]

1. d4 Nf6 2. Bg5 g6 3. Bxf6 exf6 4. e3 Bg7 5. c4 d6 6. Nc3 Nd7 7. g3 f5 8. Bg2
O-O 9. Nge2 Nb6 10. b3 c6 11. O-O Be6 12. Nf4 g5 13. Nd3 Qf6 14. Rc1 Nc8 15. d5
Bd7 16. dxc6 bxc6 17. Qd2 Ne7 18. Nc5 Bc8 19. Nd3 Bb7 20. Rfd1 Rfd8 21. Qc2
Rac8 22. b4 d5 23. Nc5 Ba8 24. cxd5 cxd5 25. Ne2 Nc6 26. Qb3 d4 27. Nxd4 Nxd4
28. exd4 Bxg2 29. Kxg2 Rxd4 30. Ne4 Qa6 31. Rxc8+ Qxc8 32. Rxd4 Bxd4 33. Nxg5
Qe8 34. Qd5 Bf6 35. Qxf5 Bxg5 36. Qxg5+ Kf8 37. Qc5+ Kg8 38. Qd5 a6 39. h4 h5
40. Qg5+ Kf8 41. Qh6+ Kg8 42. Qxh5 Qe4+ 43. Qf3 Qxb4 44. Qa8+ Kg7 45. Qxa6 Qe4+
46. Kh2 Qf3 47. Qa7 Kg6 48. a4 f5 49. Qb6+ Kf7 50. Qd4 1-0

[Event "4.Nord-West-Cup"]
[Site "?"]
[Date "2002.??.??"]
[Round "4"]
[White "Mandelbaum, Peter"]
[Black "Hedke, Manfred"]
[Result "1-0"]
[WhiteElo "2101"]
[BlackElo "1800"]
[PlyCount "71"]

1. e4 e5 2. Nf3 Nf6 3. Nc3 d6 4. d4 Bg4 5. dxe5 Bxf3 6. Qxf3 dxe5 7. Be3 Bb4 8.
Rd1 Bxc3+ 9. bxc3 Qe7 10. Bc4 O-O 11. O-O h6 12. Qf5 Nbd7 13. f4 Kh8 14. Bd3
Rae8 15. Rde1 Ng8 16. Rb1 Nc5 17. fxe5 Nxd3 18. cxd3 c5 19. e6 fxe6 20. Qxc5
Rxf1+ 21. Rxf1 Qxc5 22. Bxc5 b6 23. Be3 Kh7 24. Rf7 Re7 25. Rf8 Nf6 26. h3 Kg6
27. Kf2 Nd7 28. Ra8 Ne5 29. Ke2 Rd7 30. d4 Nc4 31. Bf4 Na3 32. Kd3 Rb7 33. c4
b5 34. c5 Nc4 35. c6 Rf7 36. c7 1-0

[Event "4.Nord-West-Cup"]
[Site "?"]
[Date "2002.??.??"]
[Round "4"]
[White "Schmitz-Jordan, Juergen"]
[Black "Campe, Uwe"]
[Result "1-0"]
[WhiteElo "2090"]
[BlackElo "1766"]
[PlyCount "25"]

1. d4 d5 2. Nf3 e6 3. g3 c5 4. Bg2 Nc6 5. O-O Be7 6. c4 Nf6 7. Nc3 O-O 8. cxd5
exd5 9. Bg5 c4 10. Ne5 Be6 11. Qd2 Qa5 12. Nxc6 bxc6 13. Nxd5 1-0

[Event "4.Nord-West-Cup"]
[Site "?"]
[Date "2002.??.??"]
[Round "4"]
[White "Fehsenfeld, Frithjof"]
[Black "Eickhoff, Hermann"]
[Result "1/2-1/2"]
[WhiteElo "1881"]
[BlackElo "2074"]
[PlyCount "92"]

1. d4 Nf6 2. c4 e6 3. Nf3 d5 4. Nc3 Be7 5. Bg5 O-O 6. Qc2 Nc6 7. e3 h6 8. Bh4
Nb4 9. Qd2 Ne4 10. Nxe4 dxe4 11. Bxe7 Qxe7 12. Ne5 c5 13. Be2 Nc6 14. Nxc6 bxc6
15. O-O Rb8 16. Rfd1 cxd4 17. exd4 f5 18. f3 Qb4 19. Qxb4 Rxb4 20. b3 exf3 21.
Bxf3 Bd7 22. Re1 Kf7 23. Re5 Rc8 24. Rae1 Rc7 25. g4 g6 26. gxf5 gxf5 27. R1e2
Rb8 28. Bh5+ Kf6 29. Rg2 Be8 30. Bxe8 Rxe8 31. Rc5 Rec8 32. h4 Rd8 33. h5 Rxd4
34. Rg6+ Kf7 35. Rxh6 Rg4+ 36. Kf2 Rc8 37. Ra5 Kg7 38. Rg6+ Rxg6 39. Rxa7+ Kf6
40. hxg6 Kxg6 41. Rc7 Ra8 42. Rxc6 Rxa2+ 43. Kf3 Kf6 44. b4 Ke5 45. b5 Ra3+ 46.
Ke2 Kd4 1/2-1/2

[Event "4.Nord-West-Cup"]
[Site "?"]
[Date "2002.??.??"]
[Round "4"]
[White "Margraf, Daniel"]
[Black "Belilowski, Alexander"]
[Result "1-0"]
[WhiteElo "2039"]
[BlackElo "1750"]
[PlyCount "103"]

1. e4 e5 2. Nf3 Nc6 3. d4 exd4 4. Nxd4 Nxd4 5. Qxd4 Qf6 6. c3 Qxd4 7. cxd4 Bb4+
8. Nc3 Ne7 9. Bc4 O-O 10. a3 Bxc3+ 11. bxc3 d6 12. O-O Be6 13. Bd3 f5 14. Rb1
fxe4 15. Bxe4 d5 16. Bf3 b6 17. Bg5 Ng6 18. Rfe1 Rae8 19. Rxe6 Rxe6 20. Bxd5
Rfe8 21. Re1 Nf8 22. Kf1 Kh8 23. Bxe6 Rxe6 24. Rxe6 Nxe6 25. Be3 Kg8 26. Ke2
Kf7 27. d5 Nd8 28. Bf4 c6 29. Bc7 Ke7 30. Bxd8+ Kxd8 31. Kd3 cxd5 32. Kd4 Kd7
33. Kxd5 h5 34. Ke5 Kc6 35. Ke6 Kc5 36. Kf7 g5 37. Kg6 Kc4 38. Kxg5 Kxc3 39.
Kxh5 a5 40. Kg5 b5 41. f4 Kb3 42. f5 Kxa3 43. f6 b4 44. f7 a4 45. f8=Q Kb3 46.
Kf4 Ka3 47. Ke3 Kb3 48. Kd3 a3 49. Qf7+ Kb2 50. Qf2+ Ka1 51. Kc2 b3+ 52. Kxb3
1-0

[Event "4.Nord-West-Cup"]
[Site "?"]
[Date "2002.??.??"]
[Round "4"]
[White "Olzem, Lothar"]
[Black "Kohlmann, Christian"]
[Result "1-0"]
[WhiteElo "2185"]
[BlackElo "1386"]
[PlyCount "53"]

1. Nf3 Nf6 2. g3 g6 3. Bg2 Bg7 4. c4 O-O 5. Nc3 c6 6. e4 d6 7. h3 Be6 8. d3 c5
9. O-O Nc6 10. Rb1 Nd7 11. Nd5 Nde5 12. Ne1 f5 13. f4 Nd7 14. Nf3 Rb8 15. Ng5
Bf7 16. exf5 gxf5 17. Re1 e5 18. Ne3 Nd4 19. Nxf7 Kxf7 20. Bd5+ Ke7 21. Kg2 Nf6
22. fxe5 dxe5 23. Nxf5+ Nxf5 24. Rxe5+ Kd7 25. Rxf5 Kc8 26. Be6+ Nd7 27. Rxc5+
1-0

[Event "4.Nord-West-Cup"]
[Site "?"]
[Date "2002.??.??"]
[Round "4"]
[White "Hoffmann, Ulrich"]
[Black "Weller, Friedhelm"]
[Result "0-1"]
[WhiteElo "2109"]
[BlackElo "1771"]
[PlyCount "80"]

1. Nf3 d5 2. c4 e6 3. g3 Nf6 4. Bg2 Be7 5. d4 O-O 6. Qc2 c6 7. Nbd2 Nbd7 8. O-O
Re8 9. e4 dxe4 10. Nxe4 Nxe4 11. Qxe4 Nf6 12. Qe2 h6 13. Rd1 Qc7 14. Bf4 Bd6
15. Ne5 Qe7 16. c5 Bc7 17. b4 Nd5 18. Bd2 Bxe5 19. dxe5 Rd8 20. Qh5 Bd7 21.
Bxh6 gxh6 22. Rd4 f5 23. Qxh6 Qg7 24. Qh3 Qxe5 25. Rad1 Be8 26. Qh6 Bf7 27. Rh4
Qg7 28. Qc1 Rd7 29. g4 Rad8 30. gxf5 exf5 31. Rh3 Nf6 32. Rxd7 Rxd7 33. Rg3 Bg6
34. h4 Nh5 35. Rg5 Kh7 36. Bf3 Qf7 37. Kh2 Rd4 38. Kh3 Nf4+ 39. Kg3 Qc7 40. Qe3
Nd5+ 0-1

[Event "4.Nord-West-Cup"]
[Site "?"]
[Date "2002.??.??"]
[Round "4"]
[White "Wahrenberg, Ralf"]
[Black "Teixeira, Jose"]
[Result "1-0"]
[WhiteElo "2069"]
[BlackElo "1751"]
[PlyCount "91"]

1. d4 Nf6 2. Nf3 d6 3. c4 g6 4. Nc3 Bg7 5. e4 O-O 6. Be2 e5 7. O-O Nc6 8. d5
Ne7 9. Ne1 Nd7 10. Nd3 f5 11. Bd2 Nf6 12. f3 f4 13. c5 g5 14. Rc1 Ng6 15. cxd6
cxd6 16. Nf2 h5 17. h3 Rf7 18. Qb3 Bf8 19. Rc2 Rg7 20. Rfc1 Nh4 21. Nb5 Ne8 22.
a4 Bd7 23. Bb4 a6 24. Na3 Rc8 25. Nc4 Nf6 26. Ba5 Qe8 27. Nb6 Rxc2 28. Rxc2 Qb8
29. Rc3 Ng6 30. Qc2 Ne7 31. b3 Ng6 32. Nxd7 Rxd7 33. Rc8 Qa7 34. Kf1 Ne7 35.
Rc7 Qb8 36. Rxd7 Nxd7 37. Bc7 Qc8 38. Bd3 Ng6 39. Qc4 Be7 40. Be2 Ngf8 41. Nd1
Nf6 42. Nb2 N8d7 43. Bxd6 Qxc4 44. Nxc4 Bxd6 45. Nxd6 Nc5 46. b4 1-0

[Event "4.Nord-West-Cup"]
[Site "?"]
[Date "2002.??.??"]
[Round "4"]
[White "Hurrle, Juergen"]
[Black "da Costa, Martin"]
[Result "0-1"]
[WhiteElo "1797"]
[BlackElo "2030"]
[PlyCount "112"]

1. e4 c5 2. Nf3 d6 3. d4 cxd4 4. Nxd4 Nf6 5. Nc3 a6 6. Be2 e6 7. Be3 Be7 8. Qd2
Qc7 9. f4 Nc6 10. O-O Bd7 11. Rad1 O-O 12. a3 Rfd8 13. g4 Nxd4 14. Bxd4 Bc6 15.
Qe3 Nd7 16. Qg3 Bf6 17. Bxf6 Nxf6 18. Qe3 d5 19. exd5 Nxd5 20. Nxd5 Bxd5 21.
Rd2 b5 22. Bd3 Bb7 23. Re2 Rd7 24. f5 Re8 25. f6 g6 26. Qh6 Qc5+ 27. Rff2 Qf8
28. Qh3 Rc8 29. Re3 Rc5 30. Qh4 h6 31. Rg3 Kh7 32. g5 Rdd5 33. Qxh6+ Qxh6 34.
gxh6 Rg5 35. Rf4 Rxg3+ 36. hxg3 Kxh6 37. Kf1 e5 38. Rh4+ Kg5 39. Ke1 Kxf6 40.
Kd2 Kg7 41. b4 Rc7 42. c4 bxc4 43. Rxc4 Rxc4 44. Bxc4 f5 45. Ke3 g5 46. b5 f4+
47. Kf2 axb5 48. Bxb5 e4 49. a4 Kf6 50. a5 Ke5 51. a6 Bc8 52. gxf4+ gxf4 53.
Be2 Kd4 54. Bf1 Kc5 55. Bg2 e3+ 56. Kf3 Bxa6 0-1

[Event "4.Nord-West-Cup"]
[Site "?"]
[Date "2002.??.??"]
[Round "4"]
[White "Merettig, Georg"]
[Black "Krause, Klaus"]
[Result "0-1"]
[WhiteElo "1779"]
[BlackElo "2029"]
[PlyCount "125"]

1. g3 d5 2. Bg2 c5 3. Nf3 Nf6 4. d4 Nc6 5. O-O e6 6. b3 Be7 7. Bb2 O-O 8. Nbd2
b6 9. c4 Bb7 10. Rc1 Rc8 11. cxd5 exd5 12. Bh3 Rc7 13. Re1 Re8 14. dxc5 Bxc5
15. a3 a5 16. e3 Qe7 17. Nd4 Nxd4 18. exd4 Qxe1+ 19. Qxe1 Rxe1+ 20. Rxe1 Bd6
21. Nf3 Rc2 22. Bc1 Rc3 23. Ne5 h6 24. Nd7 Nxd7 25. Bxd7 Rxb3 26. Re8+ Kh7 27.
a4 g6 28. Bf4 Bxf4 29. gxf4 Kg7 30. Bb5 Rc3 31. Rb8 Rc7 32. Kg2 Kf6 33. Kg3 Ke7
34. Re8+ Kd6 35. Rd8+ Ke6 36. Re8+ Kf6 37. Rb8 Kf5 38. Bd3+ Ke6 39. Ba6 Bxa6
40. Rxb6+ Kf5 41. Rxa6 Rc3+ 42. f3 Rc4 43. Rxa5 Rxd4 44. Rb5 g5 45. fxg5 hxg5
46. a5 Ke5 47. a6 Ra4 48. Rb6 f6 49. Kf2 Ra3 50. h3 f5 51. Rg6 Kf4 52. Ke2 Re3+
53. Kd2 Rxf3 54. a7 Ra3 55. Rg7 Ke5 56. Kc2 Kf6 57. Kb2 Ra5 58. Rb7 g4 59. hxg4
fxg4 60. Kc3 g3 61. Kd4 g2 62. Rb1 Rxa7 63. Kxd5 0-1

[Event "4.Nord-West-Cup"]
[Site "?"]
[Date "2002.??.??"]
[Round "4"]
[White "Mengler, Marc"]
[Black "Jans, Michael"]
[Result "1-0"]
[WhiteElo "1768"]
[BlackElo "2028"]
[PlyCount "57"]

1. e4 Nc6 2. Nf3 d5 3. exd5 Qxd5 4. Nc3 Qa5 5. Bc4 Bg4 6. h3 Bh5 7. O-O e6 8.
g4 Bg6 9. Re1 O-O-O 10. a3 Be7 11. d4 h5 12. g5 Qf5 13. Re4 Qxh3 14. Rf4 e5 15.
Rh4 Qd7 16. d5 e4 17. Nxe4 Bxe4 18. Rxe4 Bc5 19. Qe2 Nce7 20. Ne5 Qf5 21. Nd3
Bd6 22. Nb4 f6 23. Ba6 Bxb4 24. Bxb7+ Kxb7 25. axb4 Qxd5 26. Qa6+ Kb8 27. Be3
Nc6 28. Rc4 Nge7 29. Rc5 1-0

[Event "4.Nord-West-Cup"]
[Site "?"]
[Date "2002.??.??"]
[Round "4"]
[White "Eden, Wilke"]
[Black "Lorenzen, Bjoern"]
[Result "1/2-1/2"]
[WhiteElo "1673"]
[BlackElo "1983"]
[PlyCount "96"]

1. e4 c6 2. d4 d5 3. Nc3 dxe4 4. Nxe4 Bf5 5. Ng3 Bg6 6. Nf3 Nf6 7. Bc4 Nbd7 8.
O-O e6 9. Bg5 Bd6 10. Nd2 h6 11. Bh4 Qc7 12. Re1 O-O 13. Ngf1 Qb6 14. Nb3 Nd5
15. Ne3 Qc7 16. Bg3 Bxg3 17. hxg3 Rfe8 18. Nxd5 cxd5 19. Bd3 Bxd3 20. Qxd3 Nf6
21. Nd2 Rec8 22. c3 a5 23. Rac1 Ne8 24. Rc2 Nd6 25. Rec1 Nc4 26. Qe2 Nxd2 27.
Rxd2 Qc4 28. Qxc4 Rxc4 29. Kf1 Rac8 30. Rdc2 Kf8 31. Ke2 Ke7 32. Kd3 Kd6 33. b3
R4c6 34. c4 b6 35. a3 f6 36. b4 dxc4+ 37. Rxc4 Kd5 38. Rxc6 Rxc6 39. Rxc6 Kxc6
40. bxa5 bxa5 41. Kc4 h5 42. a4 g5 43. f3 f5 44. f4 gxf4 45. gxf4 h4 46. Kc3
Kd6 47. Kc4 Kc6 48. Kc3 Kd6 1/2-1/2

[Event "4.Nord-West-Cup"]
[Site "?"]
[Date "2002.??.??"]
[Round "4"]
[White "Schwarze, Hugo"]
[Black "Korsus, Stephanie"]
[Result "1-0"]
[WhiteElo "1946"]
[BlackElo "1660"]
[PlyCount "69"]

1. e4 c5 2. Nf3 d6 3. c3 Nc6 4. d4 cxd4 5. cxd4 Bg4 6. Be2 Nf6 7. Nc3 g6 8. h3
Bxf3 9. Bxf3 Bg7 10. O-O Rc8 11. Be3 a6 12. a4 Na5 13. Qe2 O-O 14. Rfd1 Nc4 15.
e5 Nxe3 16. Qxe3 Nd7 17. e6 fxe6 18. Qxe6+ Kh8 19. Bg4 Rc7 20. Ne4 Nf6 21. Ng5
Nxg4 22. Qxg4 h5 23. Qe4 Rf6 24. Ne6 Qc8 25. Nxc7 Qxc7 26. Rac1 Qb6 27. Rc8+
Kh7 28. Qxe7 Qxb2 29. Rc7 Qxf2+ 30. Kh1 Kh6 31. Qxg7+ Kg5 32. Qe7 h4 33. Rc3
Kh5 34. Qe3 Qb2 35. Rc8 1-0

[Event "4.Nord-West-Cup"]
[Site "?"]
[Date "2002.??.??"]
[Round "4"]
[White "Christophers, Reinhard"]
[Black "Wetjen, Siegfried"]
[Result "0-1"]
[WhiteElo "1603"]
[BlackElo "1894"]
[PlyCount "58"]

1. e4 e6 2. d4 d5 3. Nd2 Nf6 4. e5 Nfd7 5. Bd3 b6 6. Ne2 Ba6 7. Nf3 Be7 8. O-O
c5 9. c3 Bxd3 10. Qxd3 Nc6 11. Bf4 Rc8 12. a3 Na5 13. b4 Nb3 14. Rab1 c4 15.
Qc2 a5 16. g4 h6 17. Nd2 a4 18. Bg3 h5 19. f3 Bh4 20. Bf4 Bg5 21. Nxb3 Bxf4 22.
Nxf4 cxb3 23. Qd2 hxg4 24. fxg4 Qh4 25. h3 Qg3+ 26. Kh1 Rxc3 27. Qh2 Qxh2+ 28.
Kxh2 Rc2+ 29. Kh1 Ke7 0-1

[Event "4.Nord-West-Cup"]
[Site "?"]
[Date "2002.??.??"]
[Round "4"]
[White "Jenisch, Achim"]
[Black "Kerski, Bjoern-Ole"]
[Result "1-0"]
[WhiteElo "1601"]
[BlackElo "1885"]
[PlyCount "83"]

1. c4 Nf6 2. Nc3 g6 3. g3 Bg7 4. Bg2 O-O 5. d3 d6 6. h3 e5 7. e4 Nc6 8. Nge2
Be6 9. O-O Qd7 10. Kh2 Ne8 11. Nd5 f5 12. f4 Rb8 13. Nec3 Nd4 14. Rb1 c6 15.
Nb4 Nc7 16. Be3 a6 17. Nc2 b5 18. cxb5 axb5 19. a3 Bb3 20. Bxd4 exd4 21. Ne2 c5
22. Qd2 Rb6 23. Nc1 Be6 24. Ne2 Rfb8 25. Rfe1 Na6 26. Ng1 b4 27. exf5 gxf5 28.
Nf3 bxa3 29. Nxa3 Ba2 30. Nc4 Rb4 31. Ra1 Bxc4 32. dxc4 Rxb2 33. Qa5 Nb4 34.
Qa7 Qxa7 35. Rxa7 Nc2 36. Ree7 Bf8 37. Rxh7 Ne3 38. Nh4 Rc2 39. Rh5 Rb1 40.
Rg5+ Bg7 41. Rgxg7+ Kf8 42. Ng6+ 1-0

[Event "4.Nord-West-Cup"]
[Site "?"]
[Date "2002.??.??"]
[Round "4"]
[White "Meyer, Eric"]
[Black "Mader, Sascha"]
[Result "0-1"]
[WhiteElo "1483"]
[BlackElo "1881"]
[PlyCount "84"]

1. e4 c6 2. g3 d5 3. exd5 Qxd5 4. Qf3 Nf6 5. Qxd5 Nxd5 6. Nc3 Nb4 7. Kd1 Bf5 8.
d3 e5 9. Bg2 Nd7 10. a3 Na6 11. Nge2 Bd6 12. Be3 O-O 13. Kd2 Nc7 14. Rae1 Nf6
15. h3 Be6 16. Kc1 Nfd5 17. Bd2 f5 18. Nxd5 cxd5 19. d4 e4 20. Bf4 Rfd8 21. f3
Nb5 22. c3 Rac8 23. Kb1 Be7 24. g4 Bh4 25. Ng3 g5 26. Be5 f4 27. Nxe4 dxe4 28.
Rxe4 Bf7 29. Re2 Rxc3 30. bxc3 Nxc3+ 31. Kc2 Nxe2 32. Kd3 Rc8 33. Kxe2 Rc2+ 34.
Kd3 Rxg2 35. Rc1 Bg6+ 36. Kc4 Rc2+ 37. Rxc2 Bxc2 38. Kd5 Kf7 39. Kd6 Bd1 40.
Bh8 Bxf3 41. Ke5 Ke7 42. d5 Kd7 0-1

[Event "4.Nord-West-Cup"]
[Site "?"]
[Date "2002.??.??"]
[Round "4"]
[White "Juergens, Bernhard"]
[Black "Boos, Hanspeter"]
[Result "0-1"]
[WhiteElo "1849"]
[BlackElo "1585"]
[PlyCount "76"]

1. e4 c5 2. Nc3 e6 3. g3 Nc6 4. Bg2 Nf6 5. d3 Be7 6. f4 d6 7. Nf3 O-O 8. O-O
Rb8 9. Be3 b5 10. h3 b4 11. Ne2 Qc7 12. g4 d5 13. e5 Nd7 14. g5 a5 15. Ng3 Ba6
16. Nh2 Rbd8 17. Qh5 Ncxe5 18. fxe5 Qxe5 19. Bc1 c4 20. Rf3 cxd3 21. cxd3 Qe1+
22. Rf1 Qxg3 23. Bf4 Qxd3 24. Rf3 Qc2 25. Ng4 Qg6 26. Qh4 Kh8 27. Bc7 Bxg5 28.
Qe1 Rc8 29. Bxa5 Rc2 30. Bxb4 Rfc8 31. Ra3 Rc1 32. Rxc1 Rxc1 33. Qxc1 Bxc1 34.
Rxa6 h5 35. Nh2 Be3+ 36. Kh1 Ne5 37. Nf1 Nd3 38. Ba3 Bf2 0-1